00383 a2200157 4500001000700000020001800007040002200025041001600047082002100063100004000084245004000124250000900164260003100173300000800204362001300212131112 a85-02-00005-5 cLeonardo Da Vinci aPortuguês a574 L855bbL855b aLOPES, Sônia Godoy Bueno Carvalho aBIO: livro azulbbiologia : 2. grau a9.ed bSaraivac1991aSão Paulo a232 a19910000